000 01230nji a22003017a 4500
005 20100920142537.0
006 a|||||r|||||00| 0
007 sd ammalaaahaa
008 100830t xxu||||| |||| 00| 0 eng d
028 _a3AECX.5180
_bODEON
035 _aGR-03816
040 _aSED
_cSED
100 _917455
_aMangeshkar, Lata
245 _aDo kaliyan /
_cby A. V. M. Production; sung by Lata Mangeshkar [and] Mohammad Rafi; music by Ravi; lyric by Sahir Ludhianvi
_h[sound recording] :
246 _aदो कलियाँ / ए. वी. एम्. प्रोडक्शन द्वारा
260 _aDum Dum, India
_bODEON
_c1968
300 _a1 sound disc [Gramophone Recording]:
_banalog, 33 1/3 rpm
_c12.5 in. (LP)
_fGramophone Record
500 _aBrief Record
500 _aRecord labels : ODEON, Black
505 _aSide-1 (Tumhari nazar(Happy)) (Lata [and] Rafi) Side-2 (Ye sama) (Lata Mangeshkar)
600 _aMangeshkar, Lata
_920359
650 _aFilm Songs
_zIndia
_91186
_xExcerpts
700 _aMohammad Rafi
_920644
700 _aRavi
_920752
700 _aLudhianvi, Sahir
_920812
942 _2ddc
_cGR
999 _c47034
_d47034